000 00877nam a2200265 a 4500
003 DO-SdBNP
005 20220920094614.0
007 ta
008 220916e1990 ||||gr|||| 00| 0 spa d
040 _aDO-SdBNP
_bspa
_cBNPHU
041 _hfr
082 4 _222
_bV258m
100 1 _943848
_aVanier, Jean
245 1 0 _aMe llenarán de alegría siendo todos del mismo sentir. /
_cJean Vanier
260 _aSanto Domingo :
_bMSC,
_c1992
300 _a35 p. ;
_c21 cm.
490 _aCuando el Pobre cree en el Pobre;
_v2
500 _aConferencias dadas en un fin de semana de fraternidad de las comunidades de El Arca, Francia, en febrero de 1990. /
534 _aLes Chemins de lÁrche - La Ferme
590 _aInventariado 2022 / MF
650 4 _952439
_aCristianismo
_xEnseñanza
650 4 _95996
_aVida Espiritual
_xCristianismo
910 _aMFeliz
942 _2ddc
_cLBS1
999 _c52419
_d52419